Macroeconomics. / (Record no. 7585)

MARC details
000 -LEADER
fixed length control field 00927pam a2200265 a 4500
001 - CONTROL NUMBER
control field 3383679
005 - DATE AND TIME OF LATEST TRANSACTION
control field 20210514112521.0
008 - FIXED-LENGTH DATA ELEMENTS--GENERAL INFORMATION
fixed length control field 880811s1989 ilua 001 0 eng
010 ## - LIBRARY OF CONGRESS CONTROL NUMBER
LC control number 88026386
020 ## - INTERNATIONAL STANDARD BOOK NUMBER
International Standard Book Number 0673383385
040 ## - CATALOGING SOURCE
Original cataloging agency DLC
Transcribing agency DLC
Modifying agency DLC
050 00 - LIBRARY OF CONGRESS CALL NUMBER
Classification number HB172.5.B95
082 00 - DEWEY DECIMAL CLASSIFICATION NUMBER
Classification number 339
Edition number 19
100 1# - MAIN ENTRY--PERSONAL NAME
Personal name Byrns, Ralph T.
245 10 - TITLE STATEMENT
Title Macroeconomics. /
Statement of responsibility, etc. Ralph T. Byrns, Gerald W. Stone.
250 ## - EDITION STATEMENT
Edition statement 4th ed.
260 ## - PUBLICATION, DISTRIBUTION, ETC.
Place of publication, distribution, etc. Glenview, Ill.:
Name of publisher, distributor, etc. Scott, Foresman,
Date of publication, distribution, etc. 1989.
300 ## - PHYSICAL DESCRIPTION
Extent 490 p. :
Other physical details col. ill. ;
Dimensions 26 cm.
500 ## - GENERAL NOTE
General note Includes indexes.
505 ## - FORMATTED CONTENTS NOTE
Formatted contents note Content: Foundations of economics -- Measuring economic performance -- Keynesian macroeconomics -- Money, monetary theory, and monetary policy -- Challenges to macroeconomics -- The international economy --
650 #0 - SUBJECT ADDED ENTRY--TOPICAL TERM
Topical term or geographic name entry element Macroeconomics.
700 1# - ADDED ENTRY--PERSONAL NAME
Personal name Stone, Gerald W.
906 ## - LOCAL DATA ELEMENT F, LDF (RLIN)
a 7
b cbc
c orignew
d 1
e ocip
f 19
g y-gencatlg
942 ## - ADDED ENTRY ELEMENTS (KOHA)
Source of classification or shelving scheme Dewey Decimal Classification
Koha item type Books
Holdings
Withdrawn status Lost status Source of classification or shelving scheme Damaged status Not for loan Home library Current library Shelving location Date acquired Full call number Barcode Date last seen Copy number Koha item type Price effective from
    Library of Congress Classification     WISCONSIN INTERNATIONAL UNIVERSITY COLLEGE, GHANA KUMASI LIBRARY WISCONSIN INTERNATIONAL UNIVERSITY COLLEGE, GHANA KUMASI LIBRARY General Stacks 25/10/2019 HB172.5.B95(4e) K/695/695/19 14/05/2021 1 Books  
    Library of Congress Classification     WISCONSIN INTERNATIONAL UNIVERSITY COLLEGE, GHANA KUMASI LIBRARY WISCONSIN INTERNATIONAL UNIVERSITY COLLEGE, GHANA KUMASI LIBRARY General Stacks 25/10/2019 HB172.5.B951(4e) K/696/696/19 08/07/2021 2 Books 08/07/2021
    Library of Congress Classification     WISCONSIN INTERNATIONAL UNIVERSITY COLLEGE, GHANA KUMASI LIBRARY WISCONSIN INTERNATIONAL UNIVERSITY COLLEGE, GHANA KUMASI LIBRARY General Stacks 25/10/2019 HB172.5.B952(4e) K/697/697/19 08/07/2021 3 Books 08/07/2021

If you have any concerns or questions; kindly contact the library


© Powered by WIUC ICT DIRECTORATE